Planes in Ace Combat 7: Skies Unknown - Statistics

General Stats
  • This quiz has been taken 121 times
  • The average score is 5 of 45
Answer Stats
Base or DLC Real or Fictional Answer % Correct
DLC Real F/A-18E Super Hornet
100%
Base Real F/A-18F Super Hornet
100%
DLC Real F/A18F Super Hornet Block III
100%
Base Real Su-57
24%
Base Real F-15C Eagle
16%
Base Real F-15J
16%
Base Real F-16C Fighting Falcon
16%
Base Real F-15E Strike Eagle
12%
Base Real Typhoon
11%
DLC Fictional Darkstar
10%
Base Real F-22A Raptor
10%
Base Real MiG-29A Fulcrum
8%
Base Real Rafale M
7%
Base Real F-14D Super Tomcat
6%
Base Real F-35C Lightning II
6%
DLC Real F-4E Phantom II
6%
Base Real Gripen E
6%
Base Real Su-30SM
6%
DLC Fictional ADFX-01 Morgan
5%
DLC Real F-15S/MTD
5%
Base Real F-2A
5%
Base Real MiG-21bis Fishbed
5%
Base Real Mirage 2000-5
5%
Base Real Su-34 Fullback
5%
Base Real Su-37 Terminator
5%
Base Real Su-47 Berkut
5%
Base Fictional X-02S Strike Wyvern
5%
DLC Fictional ADF-01 Falken
4%
DLC Fictional ADF-11F Raven
4%
DLC Real F-14A Tomcat
4%
Base Real YF-23 Black Widow II
4%
Base Real A-10C Thunderbolt II
2%
DLC Fictional CFA-44 Nosferatu
2%
Base Real F-104C Starfighter
2%
DLC Fictional FB-22 Strike Raptor
2%
Base Real MiG-31B Foxhound
2%
DLC Real MiG-35D Super Fulcrum
2%
Base Real Su-33 Flanker D
2%
Base Real Su-35S Flanker E
2%
DLC Fictional 5th Gen Fighter
1%
DLC Fictional ASF-X Shinden II
1%
DLC Real F-16XL
1%
Base Real Su-30M2 Flanker-F2
1%
DLC Fictional XFA-27
1%
DLC Fictional F-2A Super Kai
0%
No matching quizzes found
Score Distribution
Percent of People with Each Score
Percentile by Number Answered
Your Score History
You have not taken this quiz